Normal view
MARC view
- البنوك الاسلاميه - الجوانب الدينيه - ليبيا
Entry Topical Term
001 - CONTROL NUMBER
- control field: 58268
003 - CONTROL NUMBER IDENTIFIER
- control field: JO-AjAnu
005 - DATE AND TIME OF LATEST TRANSACTION
- control field: 20230606083533.0
008 - FIXED-LENGTH DATA ELEMENTS
- fixed length control field: 230606|| aca||aabn | a|a d
040 ## - CATALOGING SOURCE
- Original cataloging agency: JO-AjAnu
- Transcribing agency: JO-AjAnu
150 ## - HEADING--TOPICAL TERM
- Topical term or geographic name entry element: البنوك الاسلاميه - الجوانب الدينيه - ليبيا
670 ## - SOURCE DATA FOUND
- Source citation: Work cat.: (JO-AjAnu)29725: اعداد امجد احمد خليفه القندولي؛ اشراف اسامه عبد المجيد المعاني , author 58267, امكانية تحول المصارف التقليديه الى مصارف اسلاميه في ليبيا = The possibility of conversaion process of conventional bank to islamic bank in libya